000 00293 a2200121 4500
000 nam a22 7a 4500
005 20260224143630.0
020 _a9789369449132
100 _aDeepak Kumar Jaiswal
_91116550
245 _aBuddh Aur Pharao
260 _bVani Prakashan
_c2025
942 _cTEXL
999 _c1680139
_d1680139